| 000 | 00582nam a22001337a 4500 | ||
|---|---|---|---|
| 082 |
_a823 _bSHE/O |
||
| 100 | _aSHENOY,PREETI | ||
| 245 | _aTHE ONE YOU CANNOT HAVE | ||
| 260 |
_aNEW DELHI _bWEST LAND PUBLICATIONS |
||
| 300 | _a270 | ||
| 520 | _aOnce destined to be married, Aman receives a shock when Shruti breaks up with him stating her mother's terminal illness as the reason behind her decision. A forlorn and love-torn Aman tries hard to win her back but to no avail, so he decides to move to London as a way to move past Shruti. | ||
| 650 |
_aENGLISH NOVEL _zINDIA |
||
| 942 | _cBK | ||
| 999 |
_c3364 _d3364 |
||